000 00701nam a2200229 i 4500
001 106777
003 ES-MaACL
005 20230906184245.0
007 t|
008 061222s1996 fr ||||1| fre d
020 _a2-277-30132-9
080 _a821.133.1-845"19"
100 1 _aJean-Charles.
_966232
245 1 3 _aLa foire aux cancres
_b: édition revue et augmentée d'un postambule et de quelques notes de l'auteur /
_cJean-Charles.
260 _aParis :
_bEJL,
_c[1996]
300 _a122 p. ;
_c21 cm.
490 1 _aLibrio ;
_v132
500 _aBiblioteca Jacinto Martínez Lacalle.
830 0 _aLibrio ;
_v132
_9185296
852 _aES-MaACL
_jE-11460
_bR.139487
999 _c106777
_d106777